[Event "Altenessen- Osterfeld"]
[Site "?"]
[Date "2022.09.25"]
[Round "2.7"]
[White "Kyritsis, Christoph"]
[Black "Praßer, Peter"]
[Result "1/2-1/2"]
[WhiteElo "1631"]
[BlackElo "1664"]
[PlyCount "68"]
[SourceDate "2022.10.02"]

1. Nc3 d5 2. d4 Nf6 3. Nf3 e6 4. Bg5 Nbd7 5. a3 h6 6. Bh4 Be7 7. e3 c6 8. Bd3
O-O 9. O-O a6 10. Bg3 Nh5 11. Ne2 b5 12. c3 f5 13. Ne5 Nxe5 14. Bxe5 Bd6 15. f4
Nf6 16. Bxf6 Qxf6 17. Ng3 Bd7 18. b4 Be8 19. a4 Bf7 20. Rf2 Rfb8 21. Rfa2 Qd8
22. Nf1 Be7 23. Nd2 Qe8 24. Nb3 g5 25. axb5 axb5 26. Ra7 g4 27. R1a5 Rxa7 28.
Rxa7 Ra8 29. Qa1 Rxa7 30. Qxa7 Kf8 31. Na5 Qc8 32. Qb6 Be8 33. Kf2 h5 34. Qb7
Qxb7 1/2-1/2

[Event "Altenessen- Osterfeld"]
[Site "?"]
[Date "2022.09.25"]
[Round "2.8"]
[White "Jahns, Uwe"]
[Black "Hessel, Malte"]
[Result "0-1"]
[WhiteElo "1516"]
[BlackElo "2001"]
[PlyCount "74"]
[SourceDate "2022.10.02"]

1. d4 Nf6 2. c4 e6 3. Nc3 Bb4 4. Qc2 O-O 5. Bg5 h6 6. Bh4 d6 7. Nf3 Nbd7 8. e3
Re8 9. Bd3 e5 10. dxe5 dxe5 11. O-O Bxc3 12. bxc3 g5 13. Nxg5 hxg5 14. Bxg5 Qe7
15. h4 e4 16. Be2 Nc5 17. Rad1 b6 18. Rd2 Bb7 19. g3 Bc6 20. Kg2 Rad8 21. Rxd8
Rxd8 22. h5 Ba4 23. Qc1 Nd3 24. Qa1 Qe5 25. Bh4 Rd6 26. g4 Rc6 27. Bg3 Qc5 28.
Bh4 Nh7 29. Rh1 Ng5 30. h6 Rxh6 31. Bg3 Rxh1 32. Qxh1 Ne6 33. Qh6 Qg5 34. Qh1
Ne5 35. Bh4 Qg6 36. Kg3 f5 37. g5 Nxg5 0-1

[Event "Brambauer- Borbeck 2"]
[Site "?"]
[Date "2022.09.25"]
[Round "2.1"]
[White "Kindermann, Carsten"]
[Black "Schulz, Hartmut"]
[Result "1/2-1/2"]
[WhiteElo "1852"]
[BlackElo "2039"]
[PlyCount "46"]
[SourceDate "2022.10.02"]

1. e4 c6 2. d4 d5 3. Nc3 dxe4 4. Nxe4 Nf6 5. Nxf6+ gxf6 6. Bc4 Bf5 7. Be3 e6 8.
Ne2 Bd6 9. Qd2 Nd7 10. O-O-O Qc7 11. Bd3 Bxd3 12. Qxd3 O-O-O 13. Kb1 f5 14. g3
Rhg8 15. c4 Nf6 16. f3 Nh5 17. Bc1 Kb8 18. Qc2 Ka8 19. Nc3 Bb4 20. Na4 Be7 21.
Rd3 Nf6 22. Re1 Rd7 23. Nc3 Rgd8 1/2-1/2

[Event "Brambauer- Borbeck 2"]
[Site "?"]
[Date "2022.09.25"]
[Round "2.2"]
[White "Koth, Stefan"]
[Black "Sanders, Cedric"]
[Result "1-0"]
[WhiteElo "2043"]
[BlackElo "1767"]
[PlyCount "95"]
[SourceDate "2022.10.02"]

1. c4 e5 2. Nc3 Nc6 3. e3 Nf6 4. Nf3 d5 5. cxd5 Nxd5 6. Bb5 Nxc3 7. bxc3 Bd6 8.
d4 Bd7 9. e4 f6 10. O-O a6 11. Bc4 Na5 12. Be2 O-O 13. Be3 Qe7 14. Nd2 Kh8 15.
f4 Bc6 16. Qc2 Qd7 17. a4 b6 18. fxe5 fxe5 19. Rxf8+ Rxf8 20. Bxa6 Qg4 21. Rf1
Rxf1+ 22. Bxf1 h5 23. Bd3 h4 24. h3 Qg3 25. Nf1 Qg6 26. Qf2 Bxa4 27. Qxh4+ Kg8
28. Qd8+ Kf7 29. Qh4 Bd7 30. Be2 Be7 31. Qf2+ Kg8 32. Nd2 exd4 33. cxd4 Bxh3
34. Nf3 Be6 35. d5 Qxe4 36. dxe6 Qxe6 37. Nd4 Qf6 38. Bf3 Kf8 39. Qa2 Qe5 40.
Bf2 Bd6 41. g3 Ke7 42. Bg4 Qe4 43. Bh3 Qg6 44. Qd5 Qf6 45. Nf5+ Kf8 46. Bd4 Qf7
47. Bxg7+ Kg8 48. Nh6+ 1-0

[Event "Brambauer- Borbeck 2"]
[Site "?"]
[Date "2022.09.25"]
[Round "2.3"]
[White "Dippel, Olaf"]
[Black "Wagner, Norbert"]
[Result "0-1"]
[WhiteElo "1733"]
[BlackElo "2018"]
[PlyCount "64"]
[SourceDate "2022.10.02"]

1. d4 f5 2. c4 g6 3. Nc3 Bg7 4. Nf3 d6 5. g3 c6 6. Bg2 Nh6 7. O-O Nf7 8. e4 O-O
9. Re1 e5 10. dxe5 dxe5 11. Be3 Na6 12. a3 Be6 13. b3 Qe7 14. Qc2 b6 15. Nd2 f4
16. gxf4 exf4 17. Bxf4 Qf6 18. Bg3 Qxc3 19. Rac1 Qxc2 20. Rxc2 Rad8 21. b4 Be5
22. f4 Bc7 23. e5 Nb8 24. Ne4 Rd4 25. c5 Bd8 26. Nd6 Nh6 27. cxb6 Bxb6 28. Kh1
Nf5 29. Ne4 Rd3 30. Nf6+ Kg7 31. Bxc6 Nxc6 32. Rxc6 Bc8 0-1

[Event "Brambauer- Borbeck 2"]
[Site "?"]
[Date "2022.09.25"]
[Round "2.4"]
[White "Zimmermann, Dirk"]
[Black "Braun, Joshua"]
[Result "1/2-1/2"]
[WhiteElo "1891"]
[BlackElo "1701"]
[PlyCount "69"]
[SourceDate "2022.10.02"]

1. c4 e5 2. Nc3 Nf6 3. g3 d5 4. cxd5 Nxd5 5. Bg2 c6 6. Nf3 Bd6 7. O-O O-O 8. d3
Nd7 9. Bd2 N7f6 10. Rc1 Nxc3 11. Bxc3 Re8 12. e3 h6 13. Qe2 Bg4 14. h3 Bh5 15.
g4 Bg6 16. Rfd1 Qe7 17. Nh4 Bh7 18. Nf5 Bxf5 19. gxf5 Nd5 20. Bd2 Qf6 21. Be4
Qh4 22. Qg4 Qxg4+ 23. hxg4 Nf6 24. Bf3 e4 25. dxe4 Nxe4 26. Be1 Rad8 27. Kf1
Ng5 28. Bg2 f6 29. Bc3 Nf7 30. Bf3 Be5 31. Be2 Bxc3 32. Rxc3 Rxd1+ 33. Bxd1 Rd8
34. Ke1 Kf8 35. Be2 1/2-1/2

[Event "Brambauer- Borbeck 2"]
[Site "?"]
[Date "2022.09.25"]
[Round "2.5"]
[White "Kalkhoff, Thomas"]
[Black "Jochmann, Christian"]
[Result "1/2-1/2"]
[WhiteElo "1757"]
[BlackElo "1860"]
[PlyCount "39"]
[SourceDate "2022.10.02"]

1. d4 Nf6 2. Nf3 d5 3. e3 e6 4. Bd3 Be7 5. Nbd2 O-O 6. O-O b6 7. e4 dxe4 8.
Nxe4 Bb7 9. Nxf6+ Bxf6 10. Re1 Nd7 11. c3 c5 12. Be3 cxd4 13. cxd4 e5 14. Nxe5
Nxe5 15. dxe5 Bxe5 16. Bxh7+ Kxh7 17. Qh5+ Kg8 18. Qxe5 Re8 19. Qg3 Re6 20. f3
1/2-1/2

[Event "Brambauer- Borbeck 2"]
[Site "?"]
[Date "2022.09.25"]
[Round "2.6"]
[White "Czeratzki, Michael"]
[Black "Kalkhoff, Andreas"]
[Result "1/2-1/2"]
[WhiteElo "1885"]
[BlackElo "1743"]
[PlyCount "53"]
[SourceDate "2022.10.02"]

1. d4 Nf6 2. c3 d5 3. e3 Nbd7 4. f4 e6 5. Nf3 c5 6. Bd3 c4 7. Bc2 b5 8. Nbd2
Bb7 9. O-O g6 10. Qe2 Bg7 11. Ne5 O-O 12. e4 Nxe4 13. Nxe4 dxe4 14. Bxe4 Bxe4
15. Qxe4 f5 16. Qc2 Nxe5 17. dxe5 Rf7 18. Be3 Rd7 19. Rfd1 Bf8 20. Rxd7 Qxd7
21. Rd1 Qc7 22. Rd2 Be7 23. Qd1 Rd8 24. Rxd8+ Bxd8 25. Kf1 a5 26. Qd4 Kf7 27.
Kf2 1/2-1/2

[Event "Brambauer- Borbeck 2"]
[Site "?"]
[Date "2022.09.25"]
[Round "2.7"]
[White "Swosdyk, Peter"]
[Black "Bracht, Michael"]
[Result "0-1"]
[WhiteElo "1487"]
[BlackElo "1892"]
[PlyCount "70"]
[SourceDate "2022.10.02"]

1. c4 c5 2. Nf3 Nc6 3. Nc3 g6 4. e3 Nf6 5. d4 cxd4 6. exd4 d5 7. h3 Bg7 8. Bf4
O-O 9. Nb5 Bf5 10. a3 Rc8 11. c5 Ne4 12. Nc3 Nxc3 13. bxc3 e5 14. Be3 Re8 15.
Be2 exd4 16. cxd4 Qa5+ 17. Qd2 Qxd2+ 18. Kxd2 Be4 19. Bb5 Bxf3 20. gxf3 f5 21.
Kd3 Re6 22. Ba4 Rd8 23. Rab1 Rd7 24. Rhe1 Kf7 25. Bxc6 bxc6 26. Re2 Rde7 27.
Reb2 Bf6 28. Rb8 g5 29. Rg1 f4 30. Bd2 Re2 31. Bxf4 gxf4 32. Rgg8 Rxf2 33.
Rbf8+ Ke6 34. Re8 Rxf3+ 35. Kd2 Rxa3 0-1

[Event "Brambauer- Borbeck 2"]
[Site "?"]
[Date "2022.09.25"]
[Round "2.8"]
[White "Thormann, Olaf"]
[Black "Beyer, Michael"]
[Result "1/2-1/2"]
[WhiteElo "1783"]
[BlackElo "1513"]
[PlyCount "59"]
[SourceDate "2022.10.02"]

1. e4 e6 2. Nc3 d5 3. exd5 exd5 4. d4 c6 5. Bd3 Bd6 6. Nf3 Bg4 7. Qe2+ Ne7 8.
Be3 Nd7 9. a3 Qc7 10. h3 Bf5 11. Bxf5 Nxf5 12. O-O-O O-O-O 13. Ng5 Nf6 14. Qd3
Nxe3 15. fxe3 Rhe8 16. Nxh7 Rxe3 17. Qf5+ Qd7 18. Qxd7+ Kxd7 19. Nxf6+ gxf6 20.
Rhf1 Ke7 21. Kd2 Re6 22. Rf3 Rg8 23. g4 Rg5 24. Rdf1 Bc7 25. Nd1 f5 26. Rxf5
Rxf5 27. Rxf5 Re4 28. c3 f6 29. Rh5 Kd7 30. Rf5 1/2-1/2

[Event "Bochum 3- Sterkrade 2"]
[Site "?"]
[Date "2022.09.25"]
[Round "2.1"]
[White "Schelwokat, Peter"]
[Black "Birkemeyer, Jan"]
[Result "1/2-1/2"]
[WhiteElo "1909"]
[BlackElo "1835"]
[PlyCount "46"]
[SourceDate "2022.10.02"]

1. d4 d5 2. c4 e6 3. Nc3 Nf6 4. Bg5 dxc4 5. e3 a6 6. Bxc4 b5 7. Bd3 Bb7 8. Nf3
Be7 9. O-O O-O 10. Rc1 Nbd7 11. Qe2 Rc8 12. Rfd1 Nd5 13. Bxe7 Qxe7 14. a4 Nxc3
15. bxc3 bxa4 16. Bxa6 Bxa6 17. Qxa6 Ra8 18. Qc6 Qd6 19. Qxd6 cxd6 20. Ra1 Rfc8
21. Ra3 Nb6 22. Nd2 d5 23. Kf1 Kf8 1/2-1/2

[Event "Bochum 3- Sterkrade 2"]
[Site "?"]
[Date "2022.09.25"]
[Round "2.2"]
[White "Hofer, Stefan"]
[Black "Labuda, Markus"]
[Result "0-1"]
[WhiteElo "1778"]
[BlackElo "1941"]
[PlyCount "80"]
[SourceDate "2022.10.02"]

1. e4 e6 2. d4 d5 3. e5 c5 4. c3 Nc6 5. Nf3 Qb6 6. a3 Nh6 7. b4 cxd4 8. cxd4
Nf5 9. Bb2 Bd7 10. Be2 Be7 11. O-O O-O 12. Qd3 a6 13. Nbd2 Na7 14. Nb3 Rac8 15.
Rac1 Rfd8 16. Qd2 Bb5 17. Rfe1 Nc6 18. Bd3 Bxd3 19. Qxd3 a5 20. b5 a4 21. Nc5
Ncxd4 22. Nxd4 Bxc5 23. Nxf5 Bxf2+ 24. Kh1 exf5 25. Rxc8 Rxc8 26. Qxf5 Rf8 27.
Rf1 Bc5 28. Qd3 Qe6 29. Qg3 d4 30. h4 Re8 31. Re1 f6 32. h5 fxe5 33. Re4 Qf5
34. h6 Qg6 35. Qxg6 hxg6 36. hxg7 Kxg7 37. Kh2 Kf6 38. g4 Ke6 39. Kg3 Kd5 40.
Re1 d3 0-1

[Event "Bochum 3- Sterkrade 2"]
[Site "?"]
[Date "2022.09.25"]
[Round "2.3"]
[White "Altenburg, Frank"]
[Black "Abdullayev, Elchin"]
[Result "1-0"]
[WhiteElo "1843"]
[BlackElo "1886"]
[PlyCount "57"]
[SourceDate "2022.10.02"]

1. d4 c5 2. d5 Nf6 3. c4 b5 4. cxb5 a6 5. e3 axb5 6. Bxb5 Qa5+ 7. Nc3 Bb7 8.
Bc4 e6 9. Bd2 Qb6 10. Qf3 Na6 11. e4 Nb4 12. Rc1 exd5 13. exd5 Bd6 14. a3 Na6
15. Nge2 O-O 16. O-O Nc7 17. Rfd1 Ne6 18. Qd3 Nd4 19. Nxd4 cxd4 20. Nb5 Bc5 21.
b4 Be7 22. Nxd4 Bxd5 23. Nf5 Bxc4 24. Nxe7+ Kh8 25. Qxc4 Rxa3 26. Nd5 Nxd5 27.
Qxd5 Raa8 28. Be3 Qxb4 29. Bc5 1-0

[Event "Bochum 3- Sterkrade 2"]
[Site "?"]
[Date "2022.09.25"]
[Round "2.4"]
[White "Czarnetzki, Iori"]
[Black "Drescher, Roland"]
[Result "0-1"]
[WhiteElo "1767"]
[BlackElo "1963"]
[PlyCount "64"]
[SourceDate "2022.10.02"]

1. d4 e6 2. c4 d5 3. Nc3 a6 4. Nf3 Nf6 5. Bg5 Be7 6. e3 Nbd7 7. Rc1 O-O 8. Bd3
dxc4 9. Bxc4 b5 10. Bd3 c5 11. O-O Bb7 12. Qe2 Re8 13. Rfd1 Qb6 14. b3 Rac8 15.
dxc5 Rxc5 16. e4 Qc7 17. Nb1 Rc8 18. h3 Ne5 19. Rxc5 Qxc5 20. Be3 Nxf3+ 21.
gxf3 Qh5 22. Kg2 Rd8 23. Nd2 e5 24. Nf1 Bc8 25. Ng3 Qxh3+ 26. Kg1 Ng4 27. Re1
Qh2+ 28. Kf1 Nxf2 29. Qxf2 Qxf2+ 30. Kxf2 Rxd3 31. Rc1 Be6 32. Ke2 Rxe3+ 0-1

[Event "Bochum 3- Sterkrade 2"]
[Site "?"]
[Date "2022.09.25"]
[Round "2.6"]
[White "Lampe, Thomas"]
[Black "Spoden, Kurt"]
[Result "1-0"]
[WhiteElo "1901"]
[BlackElo "1773"]
[PlyCount "35"]
[SourceDate "2022.10.02"]

1. e4 c5 2. b4 e5 3. Nf3 cxb4 4. Nxe5 Qe7 5. d4 f6 6. Nf3 Qxe4+ 7. Be2 d5 8.
O-O Qg6 9. Ne5 Qe4 10. Re1 fxe5 11. Bb5+ Nc6 12. Rxe4 dxe4 13. Qh5+ Ke7 14.
Bg5+ Kd6 15. dxe5+ Kc7 16. Qf7+ Nge7 17. Bxc6 Kxc6 18. Qe8+ 1-0

[Event "Bochum 3- Sterkrade 2"]
[Site "?"]
[Date "2022.09.25"]
[Round "2.7"]
[White "Schmidt, Michael"]
[Black "Hartenberg, Yannick"]
[Result "0-1"]
[WhiteElo "1679"]
[BlackElo "1659"]
[PlyCount "58"]
[SourceDate "2022.10.02"]

1. Nf3 Nf6 2. g3 d6 3. Bg2 Nc6 4. O-O e5 5. d3 Be6 6. c4 h6 7. Nc3 Qd7 8. Qb3
Rb8 9. Rd1 b5 10. Qc2 bxc4 11. dxc4 Bxc4 12. b3 Be6 13. Ba3 Be7 14. Rac1 Qc8
15. Ne4 Bd7 16. Rxd6 cxd6 17. Bxd6 Rb6 18. Nxe5 Qb7 19. Nxf6+ gxf6 20. Nxd7
Kxd7 21. Bxe7 Kxe7 22. Qe4+ Kf8 23. Qc4 Ne5 24. Qc5+ Qe7 25. Qc8+ Kg7 26. Qf5
Qe6 27. Qe4 Rc8 28. Rd1 Rbc6 29. Qh4 Rc1 0-1

[Event "Bochum 3- Sterkrade 2"]
[Site "?"]
[Date "2022.09.25"]
[Round "2.8"]
[White "Fresen, Hans- Juergen"]
[Black "Wachsmuth, Guenter"]
[Result "1-0"]
[WhiteElo "1814"]
[BlackElo "1655"]
[PlyCount "141"]
[SourceDate "2022.10.02"]

1. e4 c5 2. Nf3 Nc6 3. d4 cxd4 4. Nxd4 e5 5. Nb5 d6 6. N1c3 a6 7. Na3 b5 8. Nd5
Nge7 9. Be3 Nxd5 10. Qxd5 Qc7 11. Be2 Be6 12. Qd2 Be7 13. O-O O-O 14. f4 f5 15.
Bf3 exf4 16. Bxf4 Ne5 17. Bxe5 dxe5 18. exf5 Rad8 19. Qe1 Rxf5 20. c3 Bxa3 21.
bxa3 Qc5+ 22. Rf2 Qxa3 23. Bg4 Qc5 24. Bxf5 Bxf5 25. Kh1 Bd3 26. a4 bxa4 27.
Rxa4 Rc8 28. c4 Rb8 29. Rd2 Rb1 30. Rd1 Rxd1 31. Qxd1 e4 32. Rxa6 Qxc4 33. Ra8+
Kf7 34. Qh5+ Kf6 35. Rf8+ Ke7 36. Qe8+ Kd6 37. Qd8+ Ke5 38. Qe7+ Kd4 39. Qxg7+
Ke3 40. Qg3+ Kd4 41. Qf2+ Kc3 42. Qe3 Qa6 43. Rf1 Kb2 44. Rc1 Qa5 45. Qe1 Qxe1+
46. Rxe1 Kc2 47. Kg1 Kc3 48. Kf2 Kd4 49. Re3 Ke5 50. Rh3 Kf4 51. g3+ Kg4 52.
Rh4+ Kg5 53. Ke3 h5 54. Rf4 Bb1 55. h3 Bd3 56. Rxe4 Bxe4 57. Kxe4 Kf6 58. Kf4
Kg6 59. Ke5 Kg5 60. Ke6 h4 61. g4 Kf4 62. Kf6 Kg3 63. g5 Kxh3 64. g6 Kg2 65. g7
h3 66. g8=Q+ Kf2 67. Qh7 Kg2 68. Qg6+ Kh1 69. Qe4+ Kg1 70. Qg4+ Kh2 71. Kf5 1-0

[Event "SF Werden II - FS Dortmund I"]
[Site "?"]
[Date "2022.09.25"]
[Round "2"]
[White "Khess, Igor"]
[Black "Zaschke, Benjamin"]
[Result "1-0"]
[WhiteElo "1989"]
[BlackElo "1974"]
[PlyCount "67"]
[SourceDate "2022.10.02"]

1. e3 c5 2. c4 e6 3. b3 Nf6 4. Bb2 Be7 5. Nf3 d6 6. Nc3 Nbd7 7. d4 b6 8. d5 e5
9. Bd3 g6 10. Qd2 a6 11. h3 Qc7 12. Bc2 Nf8 13. g4 Bd7 14. Qe2 h6 15. Nd2 N6h7
16. Nce4 Bh4 17. Nf3 Be7 18. Kd2 b5 19. Ne1 Ng5 20. f4 Nxe4+ 21. Bxe4 f6 22.
fxe5 fxe5 23. Nd3 Rg8 24. h4 Rb8 25. Bc3 Qd8 26. Qf3 Qc8 27. Raf1 Rg7 28. Rhg1
b4 29. Bb2 Kd8 30. h5 Kc7 31. Nxe5 gxh5 32. Nxd7 hxg4 33. Qg3 Rg8 34. Nxb8 1-0

[Event "SF Werden II - FS Dortmund I"]
[Site "?"]
[Date "2022.09.25"]
[Round "2"]
[White "Bury, Tobias"]
[Black "Hein, Erwin"]
[Result "1-0"]
[WhiteElo "1886"]
[BlackElo "1975"]
[PlyCount "28"]
[SourceDate "2022.10.02"]

1. d4 Nf6 2. Nf3 d5 3. g3 e6 4. Bg2 Bd6 5. O-O Nbd7 6. c4 c6 7. Nc3 O-O 8. Nd2
Re8 9. e4 dxe4 10. Ndxe4 Nxe4 11. Nxe4 Nf6 12. Nxd6 Qxd6 13. Bf4 Qb4 14. Qc2 h6
1-0

[Event "SF Werden II - FS Dortmund I"]
[Site "?"]
[Date "2022.09.25"]
[Round "2"]
[White "Alghawi, Abdullah"]
[Black "Blank, Stephan"]
[Result "1-0"]
[WhiteElo "1903"]
[BlackElo "1807"]
[PlyCount "77"]
[SourceDate "2022.10.02"]

1. d4 f5 2. Nf3 Nf6 3. c4 e6 4. g3 Be7 5. Bg2 O-O 6. O-O d6 7. Nc3 Ne4 8. Qc2
Nxc3 9. Qxc3 Bf6 10. Qd3 Nc6 11. Rd1 d5 12. h4 Ne7 13. Ne5 Qe8 14. b3 c6 15.
Ba3 Kh8 16. Bf3 Rg8 17. Kg2 Bxe5 18. dxe5 Ng6 19. Bb2 f4 20. Rh1 fxg3 21. fxg3
Ne7 22. h5 Rf8 23. Ba3 Rf5 24. h6 g6 25. e4 Rf7 26. Raf1 Bd7 27. g4 Rd8 28. Be2
dxe4 29. Qe3 Nf5 30. gxf5 exf5 31. Qg5 Be6 32. Rd1 Rdd7 33. Rxd7 Bxd7 34. Rd1
f4 35. Bg4 f3+ 36. Kf2 e3+ 37. Kxe3 f2 38. Bxd7 f1=Q 39. Rxf1 1-0

[Event "SF Werden II - FS Dortmund I"]
[Site "?"]
[Date "2022.09.25"]
[Round "2"]
[White "Brixius, Dirk"]
[Black "BrendemÃ¼hl, Bernd"]
[Result "0-1"]
[WhiteElo "1771"]
[BlackElo "1929"]
[PlyCount "44"]
[SourceDate "2022.10.02"]

1. c4 f5 2. Nc3 Nf6 3. g3 e6 4. Bg2 d5 5. Nf3 c6 6. cxd5 exd5 7. d4 Bd6 8. O-O
Nbd7 9. Qc2 Ne4 10. Nxe4 fxe4 11. Ng5 Nf6 12. h4 O-O 13. Nh3 Bf5 14. Bf4 Bxh3
15. Bxh3 Bxf4 16. gxf4 Nh5 17. Be6+ Kh8 18. e3 Qxh4 19. Kg2 Rf6 20. f5 Qg4+ 21.
Kh1 Nf4 22. f3 Rh6+ 0-1

[Event "SF Werden II - FS Dortmund I"]
[Site "?"]
[Date "2022.09.25"]
[Round "2"]
[White "Grube, JÃ¶rg"]
[Black "Biermann, Klaus"]
[Result "1/2-1/2"]
[WhiteElo "1797"]
[BlackElo "1785"]
[PlyCount "55"]
[SourceDate "2022.10.02"]

1. e4 c5 2. Nf3 Nc6 3. c3 e6 4. d3 Nge7 5. Na3 d5 6. Be2 Ng6 7. h4 Bd6 8. g3
O-O 9. Nc2 f5 10. exf5 exf5 11. h5 Nge5 12. Nxe5 Bxe5 13. d4 Bd6 14. dxc5 Bxc5
15. Be3 Bxe3 16. Nxe3 d4 17. cxd4 Nxd4 18. Bc4+ Kh8 19. Bd5 Qf6 20. Rh4 Nc6 21.
Qb3 Ne7 22. Kf1 Nxd5 23. Nxd5 Qa6+ 24. Qc4 Qxc4+ 25. Rxc4 Be6 26. Rd4 Rad8 27.
Nf4 Rxd4 28. Nxe6 1/2-1/2

[Event "SF Werden II - FS Dortmund I"]
[Site "?"]
[Date "2022.09.25"]
[Round "2"]
[White "Rother, Josef"]
[Black "Schulze-Runge, Michael"]
[Result "1/2-1/2"]
[WhiteElo "1753"]
[BlackElo "1840"]
[PlyCount "47"]
[SourceDate "2022.10.02"]

1. d4 d5 2. Bg5 Bf5 3. e3 Qc8 4. c4 e6 5. Bd3 Bxd3 6. Qxd3 Bb4+ 7. Nc3 Nd7 8.
Nf3 Ngf6 9. O-O Bxc3 10. bxc3 Ne4 11. Bf4 Nb6 12. c5 Nc4 13. Ng5 Ned2 14. Rfd1
h6 15. e4 hxg5 16. Bxd2 Nxd2 17. Rxd2 Qd7 18. Rb1 b6 19. cxb6 axb6 20. exd5
Qxd5 21. c4 Qd6 22. g3 O-O 23. Qe3 g4 24. Rb5 1/2-1/2

[Event "SF Werden II - FS Dortmund I"]
[Site "?"]
[Date "2022.09.25"]
[Round "2"]
[White "SchlÃ¤ger, Reiner"]
[Black "Lohaus, Herbert"]
[Result "1-0"]
[WhiteElo "1593"]
[BlackElo "1709"]
[PlyCount "65"]
[SourceDate "2022.10.02"]

1. e4 d5 2. exd5 Qxd5 3. Nc3 Qa5 4. d4 c6 5. Bc4 Nf6 6. Bf4 Bf5 7. Bxb8 Rxb8 8.
Nf3 e6 9. O-O Bb4 10. Ne2 O-O 11. Ne5 h6 12. f4 Rbd8 13. c3 Bd6 14. b4 Qc7 15.
Qe1 Bxe5 16. fxe5 Nd5 17. Ng3 Bg6 18. Rf3 b5 19. Bb3 a5 20. a3 a4 21. Ba2 Nb6
22. h4 Qe7 23. Ne4 Kh8 24. Qe3 Qxh4 25. Nf6 Nd5 26. Bxd5 gxf6 27. Bxc6 Bf5 28.
Ra2 Rb8 29. g3 Rg8 30. Rh2 Qg5 31. Rxh6+ Kg7 32. Rxf6 Qg4 33. Qh6# 1-0

[Event "SF Werden II - FS Dortmund I"]
[Site "?"]
[Date "2022.09.25"]
[Round "2"]
[White "Weber, Dirk"]
[Black "Mokros, JÃ¼rgen"]
[Result "1/2-1/2"]
[WhiteElo "1703"]
[BlackElo "1563"]
[PlyCount "71"]
[SourceDate "2022.10.02"]

1. e4 e6 2. d4 d5 3. e5 c5 4. c3 Nc6 5. Nf3 Qb6 6. Be2 Bd7 7. O-O Rc8 8. a3
cxd4 9. cxd4 Nh6 10. b4 Nf5 11. Be3 Be7 12. Qd2 O-O 13. Qb2 Nxe3 14. fxe3 f6
15. exf6 Bxf6 16. Nc3 Nxd4 17. exd4 Bxd4+ 18. Nxd4 Qxd4+ 19. Kh1 Rxf1+ 20. Rxf1
Qxc3 21. Qb1 Qc2 22. Qe1 Rf8 23. Bf3 Rc8 24. Qe3 b6 25. Qg5 Re8 26. h3 h6 27.
Qe5 Qc6 28. Re1 b5 29. Qh5 Qd6 30. Qg6 Qe7 31. Qd3 Kh8 32. Rc1 Qd6 33. Rd1 a6
34. Qg6 Qe5 35. Qf7 Qd6 36. Qg6 1/2-1/2

[Event "Werl- Kupferdreh"]
[Site "?"]
[Date "2022.09.25"]
[Round "2.1"]
[White "Schaefer, Johannes"]
[Black "Schwarzkopf, Christian"]
[Result "1/2-1/2"]
[WhiteElo "1863"]
[BlackElo "2059"]
[PlyCount "28"]
[SourceDate "2022.10.02"]

1. d4 d6 2. Bf4 g6 3. Nc3 Bg7 4. e4 Nd7 5. Qd2 c6 6. O-O-O e5 7. dxe5 dxe5 8.
Be3 Ngf6 9. f3 Qe7 10. h4 Nb6 11. Bh6 Bxh6 12. Qxh6 Bd7 13. g4 O-O-O 14. Bd3
Be6 1/2-1/2

[Event "Werl- Kupferdreh"]
[Site "?"]
[Date "2022.09.25"]
[Round "2.2"]
[White "Stolle, Dietmar"]
[Black "Krimphoff, Ingo"]
[Result "1/2-1/2"]
[WhiteElo "2021"]
[BlackElo "1964"]
[PlyCount "35"]
[SourceDate "2022.10.02"]

1. c4 c6 2. d4 d5 3. Nf3 Nf6 4. Nc3 dxc4 5. a4 Bf5 6. Ne5 Nbd7 7. Nxc4 Qc7 8.
g3 e5 9. dxe5 Nxe5 10. Nxe5 Qxe5 11. Bf4 Qe6 12. Bg2 Rd8 13. Qc1 Be7 14. O-O
Bh3 15. Qe3 Qxe3 16. Bxe3 Bxg2 17. Kxg2 a6 18. Rfd1 1/2-1/2

[Event "Werl- Kupferdreh"]
[Site "?"]
[Date "2022.09.25"]
[Round "2.3"]
[White "Unteregge, Michael"]
[Black "Scheibe, Andreas"]
[Result "1-0"]
[WhiteElo "2044"]
[BlackElo "1790"]
[PlyCount "37"]
[SourceDate "2022.10.02"]

1. Nf3 Nf6 2. c4 c6 3. d4 g6 4. g3 Bg7 5. Bg2 O-O 6. O-O d5 7. Qb3 a5 8. cxd5
cxd5 9. Nc3 Na6 10. Ne5 e6 11. Rd1 Nc7 12. Bf4 Nh5 13. Be3 f5 14. f4 Nf6 15.
Rac1 Qd6 16. Na4 b5 17. Nc5 Nd7 18. Qc2 Ba6 19. Ncxd7 1-0

[Event "Werl- Kupferdreh"]
[Site "?"]
[Date "2022.09.25"]
[Round "2.6"]
[White "Stute, Benedikt"]
[Black "Stein, Daniel"]
[Result "1/2-1/2"]
[WhiteElo "1455"]
[BlackElo "1637"]
[PlyCount "34"]
[SourceDate "2022.10.02"]

1. e4 e6 2. d4 d5 3. Nc3 Nf6 4. Bd3 c5 5. dxc5 Bxc5 6. Bg5 dxe4 7. Nxe4 Be7 8.
Bxf6 gxf6 9. Qf3 Qa5+ 10. c3 f5 11. Nd2 Nc6 12. Nc4 Qc7 13. Ne2 a6 14. Qg3 Qxg3
15. hxg3 Bc5 16. b4 Be7 17. a4 Bf6 1/2-1/2

[Event "Werl- Kupferdreh"]
[Site "?"]
[Date "2022.09.25"]
[Round "2.7"]
[White "Wuthcke, Dieter"]
[Black "Siebert, Michael"]
[Result "1/2-1/2"]
[WhiteElo "1784"]
[BlackElo "1435"]
[PlyCount "67"]
[SourceDate "2022.10.02"]

1. d4 Nf6 2. c4 e6 3. Nf3 d5 4. e3 Be7 5. Nbd2 O-O 6. Bd3 b6 7. a3 Bb7 8. b4
dxc4 9. Nxc4 c5 10. bxc5 bxc5 11. Bb2 Nbd7 12. O-O Nb6 13. Nxb6 Qxb6 14. Rb1
Qc6 15. Qe2 Rac8 16. Rfc1 Qd7 17. Rd1 cxd4 18. Bxd4 Bxf3 19. Qxf3 Qa4 20. Rb7
Bxa3 21. Rxa7 Qb3 22. Bxf6 gxf6 23. Qg4+ Kh8 24. Qh5 Qxd1+ 25. Qxd1 Rc1 26.
Qxc1 Bxc1 27. Ra4 Rd8 28. Be2 f5 29. g3 Kg7 30. Ra7 Kg6 31. h4 h5 32. Kg2 Rd2
33. Bb5 Rb2 34. Be8 1/2-1/2

[Event "SV Datteln 1 - SV Rochade Eving 1"]
[Site "?"]
[Date "2022.09.25"]
[Round "2.1"]
[White "Sprungala, Erik"]
[Black "Buchholz, Peter"]
[Result "1-0"]
[WhiteElo "1914"]
[BlackElo "2029"]
[Annotator "Bialas,Jan-Philip"]
[PlyCount "59"]
[EventDate "2022.??.??"]
[SourceDate "2022.10.02"]

1. d4 g6 2. e4 Bg7 3. Nc3 d6 4. f4 a6 5. Nf3 e6 6. Bd3 Ne7 7. O-O b5 8. f5 exf5
9. exf5 O-O 10. fxg6 hxg6 11. Bg5 Nbc6 12. Qe1 f6 13. Bd2 Nb4 14. Rc1 Nxd3 15.
cxd3 Re8 16. Ne4 Bf5 17. Qg3 Qd7 18. Nh4 Kf7 {(=)} 19. Ba5 Rac8 20. Rxc7 Rxc7
21. Nxd6+ Kg8 22. Bxc7 Rf8 23. Ndxf5 Nxf5 24. Nxf5 gxf5 25. Bb6 Qe6 26. Bc5 Re8
27. b3 Qe2 28. Qf2 Qxd3 29. Qxf5 Qd2 30. Qd5+ 1-0

[Event "SV Datteln 1 - SV Rochade Eving 1"]
[Site "?"]
[Date "2022.09.25"]
[Round "2.2"]
[White "Dechering, Dirk"]
[Black "Michalek, Franz"]
[Result "1-0"]
[WhiteElo "1871"]
[BlackElo "1896"]
[PlyCount "76"]
[EventDate "2022.??.??"]
[SourceDate "2022.10.02"]

1. d4 Nf6 2. Bf4 d5 3. e3 c6 4. c4 Bf5 5. Nd2 e6 6. Qb3 Qb6 7. c5 Qxb3 8. axb3
Nbd7 9. h3 Be7 10. b4 O-O 11. b5 Rfc8 12. b4 cxb5 13. Bxb5 a6 14. Be2 Ne4 15.
Nxe4 Bxe4 16. Nf3 f6 17. O-O g5 18. Bh2 h5 19. Nd2 Bg6 20. Ra2 e5 21. Rfa1 Rab8
22. b5 Be8 23. bxa6 bxa6 24. Bxa6 Rc6 25. Be2 Rcc8 26. Nf3 g4 27. hxg4 hxg4 28.
Nh4 Rb4 29. Nf5 Bf8 30. Bxg4 Bg6 31. Ra7 Rcb8 32. Bg3 Nxc5 33. Ne7+ Bxe7 34.
Rxe7 Rb1+ 35. Rxb1 Rxb1+ 36. Kh2 exd4 37. exd4 Nb3 38. Be6+ Kh8 1-0